[Event "GER-Kasparov"]
[Site "Baden-Baden"]
[Date "1992.??.??"]
[Round "?"]
[White "Kasparov, Garry"]
[Black "Wahls, Matthias"]
[Result "1-0"]
[WhiteElo "2780"]
[BlackElo "2570"]
[Annotator "Stohl,I"]
[PlyCount "73"]
[EventDate "1992.??.??"]
[EventType "simul"]
[EventRounds "4"]
[EventCountry "GER"]
[SourceTitle "CBM 028"]
[Source "ChessBase"]
[SourceDate "1992.06.01"]
[SourceVersion "1"]
[SourceVersionDate "1992.06.01"]
[SourceQuality "1"]

1. e4 d6 2. d4 Nf6 3. f3 $5 e5 (3... d5 4. e5 Nfd7 5. f4 c5 6. Nf3 e6 7. c3 (7.
Nc3 Nc6 8. Be3 {-C11}) 7... Nc6 8. Bd3 Qb6 9. Bc2 g6 10. O-O a5 11. Kh1 Be7 12.
a4 cxd4 13. cxd4 Nb4 14. Bb3 Nb8 15. Nc3 N8c6 16. Be3 Na7 17. Qd2 Bd7 18. Bd1
Qd8 19. Be2 Rb8 20. Rac1 b5 $132 {Oll,L-Ehlvest,J,Pamplona 1991-CBM 28}) (3...
c6 4. c4 e5 5. Be3 $5 (5. d5 {-3...e5 4.d5}) 5... Be7 6. Nc3 O-O 7. Qd2 Qc7 8.
Nge2 a6 $6 9. Rc1 Qa5 10. Ng3 exd4 11. Bxd4 b5 12. b3 Be6 13. Nb1 Qd8 14. Be2
bxc4 15. bxc4 Nbd7 16. O-O Nc5 17. Rfd1 $13 {Zlotnik,B-Knezevic,M,Moscow op7
1991-TD 91_03}) 4. d5 c6 5. c4 Qb6 6. Nc3 Be7 7. Nge2 O-O 8. Ng3 cxd5 $5 {N} (
8... a5 $6 9. Na4 Qa7 10. Qb3 Bd8 11. Be3 c5 12. Bd3 Na6 13. a3 Rb8 14. Nc3 b6
15. O-O-O Ne8 16. Nb5 $16 {Brenninkmeijer,J-Van der Wiel,J,Eindhoven ch-NL
1991-CBM 26}) 9. Na4 $1 (9. cxd5 Bd7 {/\Rc8,Na6<=><<}) 9... Qc7 10. cxd5 Bd7
11. Be3 $14 {()} Rc8 12. Nc3 Na6 13. Be2 Bd8 (13... Qd8 14. O-O Ne8 15. Qd2 g6
16. Bh6 $5 {/\f4|^}) 14. O-O Qa5 15. Kh1 $1 Nc5 (15... Bb6 16. Bd2 {ףa5}) 16.
Bd2 Ne8 (16... a6 17. b4 $1 Qxb4 18. Nb5 $16) 17. f4 $1 $36 {->>>} exf4 18.
Bxf4 Bf6 19. Bg4 Qd8 (19... Bxc3 20. bxc3 Qxc3 21. Rc1 Bxg4 (21... Qb4 22. Rxc5
Bxg4 23. Rxc8 Bxd1 24. Rxa8 Ba4 25. Nf5 $16) 22. Qxg4 $40) 20. Bxd7 Qxd7 $6 (
20... Nxd7 $142 $5 $14 {/\Ne5}) 21. Qf3 Rc7 (21... g6 $5 {/\Bg7}) 22. Nf5 $36
Bxc3 23. bxc3 Na4 24. Qg3 $1 Nxc3 (24... Rxc3 25. Qg4 Kh8 $8 26. e5 g6 27. e6
$1 gxf5 28. Qxf5 Qe7 29. exf7 Ng7 30. Be5 Rf8 31. Bxc3 Nxc3 32. Qf3 $16) 25.
Rae1 {><d6} (25. Bxd6 $2 Nxe4 $19) 25... f6 26. Bxd6 Nxd6 27. Nxd6 $16 Kh8 28.
e5 $1 Nxd5 (28... fxe5 29. Nf7+ Kg8 30. Nh6+ Kh8 31. Rf7 Qxf7 32. Nxf7+ Rxf7
33. Qxc3 $18) 29. e6 Qc6 30. Rd1 Rf8 $6 (30... Ne7 31. Rxf6 $1 $16) 31. Nf7+
Kg8 (31... Rcxf7 32. exf7 {/\} Rxf7 $2 33. Qb8+ $18) 32. Rxd5 $18 Qxd5 33. Qxc7
Qxe6 34. Nd6 Qxa2 35. Qxb7 Qe2 $2 $138 (35... Qe6 36. Nf5 Rf7 37. Qb8+ $18) 36.
Qd5+ Kh8 37. Nf7+ (37. Nf7+ Kg8 38. Nh6+ Kh8 39. Qg8+ $18 {[Stohl]}) 1-0

[Event "Budapest FS10 GM"]
[Site "Budapest"]
[Date "1993.??.??"]
[Round "8"]
[White "Leko, Peter"]
[Black "Dao, Thien Hai"]
[Result "1-0"]
[WhiteElo "2555"]
[BlackElo "2565"]
[Annotator "Stohl,I"]
[PlyCount "57"]
[EventDate "1993.10.??"]
[EventType "tourn"]
[EventRounds "11"]
[EventCountry "HUN"]
[EventCategory "9"]
[SourceTitle "CBM 038"]
[Source "ChessBase"]
[SourceDate "1994.02.01"]
[SourceVersion "1"]
[SourceVersionDate "1994.02.01"]
[SourceQuality "1"]

1. e4 d6 2. d4 Nf6 3. Nc3 g6 4. Bg5 c6 5. Qd2 b5 (5... Nbd7 6. f4 b5 7. e5 $6 (
7. Bd3 $142) 7... b4 8. exf6 bxc3 9. bxc3 exf6 10. Qe3+ Be7 11. Bh6 Qa5 12. Kf2
Nb6 13. c4 Be6 14. d5 cxd5 15. f5 d4 16. Qxd4 Qxf5+ 17. Nf3 g5 18. Bd3 Qc5 $17
{Popov,A-Krylov,A/Podolsk/1993/}) 6. Bd3 h6 (6... Nbd7 7. f4 Bg7 (7... b4 $142
8. Nce2 Qb6 $5 $132) 8. e5 $1 b4 9. Nce2 Nd5 10. exd6 f6 11. dxe7 Qxe7 12. Bh4
Bh6 (12... Ne3 13. Bf2 $1 $16) 13. Kf2 O-O 14. Nf3 N7b6 15. Rhe1 c5 16. c4 bxc3
17. Nxc3 Qd6 18. Ne4 Qc6 19. Bg3 $16 {Norris,D-Reilly,T/Jakarta zt/1993/}) 7.
Bh4 (7. Bf4 g5 8. Bg3 Nh5 9. e5 Bg7 10. Qe2 Nxg3 11. hxg3 dxe5 12. dxe5 b4 13.
Nd1 Qd4 14. f4 $1 g4 15. Qe3 Qb6 16. Ne2 Na6 17. Nd4 Nc5 18. Bf5 h5 19. Bxc8
Rxc8 20. Nf2 Ne6 21. O-O-O $16 {׻<<,Santo Roman,M-Chabanon,JL/FRA-ch/1991/}) (
7. Bxf6 $5 exf6 8. Nge2 h5 9. Nd1 Bh6 10. Ne3 O-O 11. O-O Nd7 12. a4 bxa4 13.
Rxa4 Nb6 14. Ra5 d5 15. f4 Re8 16. exd5 cxd5 17. Rfa1 $36 {Adams,M-Bell,S/
GB-ch/1988/}) 7... Nbd7 $6 (7... g5 {-7.Bf4}) (7... Bg7 $5 8. f4 Qb6 9. e5 dxe5
10. dxe5 Ng4 11. h3 g5 $132) 8. f4 b4 $146 (8... e5 9. dxe5 (9. fxe5 dxe5 10.
Nf3 exd4 11. Nxd4 Ne5 12. Nxc6 $1 Nxd3+ (12... Nxc6 13. Bxb5 $18) 13. Qxd3 Qxd3
14. cxd3 g5 15. Bf2 Bd7 16. Ne5 Bg7 17. Nxd7 Kxd7 18. Bd4 $16 {Duckstein,
A-Fioramonti,H/Haifa ETC/1989/}) 9... dxe5 10. Nf3 Be7 11. fxe5 Nh7 12. Bxe7
Qxe7 13. Qxh6 Nxe5 14. O-O-O Nxf3 15. gxf3 Qg5+ 16. Qxg5 Nxg5 17. f4 Ne6 18.
Rdf1 Rh4 19. f5 Nf4 20. fxg6 Nxg6 21. Ne2 Ne5 22. Rfg1 Ke7 23. Rg8 $16 {
Tiviakov,S-Itkis,B/Frunze op/1989/}) 9. Nce2 e5 10. dxe5 (10. Qxb4 $2 d5 $36) (
10. fxe5 dxe5 11. Nf3 Be7 {-10.de5} (11... exd4 $6 12. Nexd4 c5 13. e5 $40))
10... dxe5 11. Nf3 Be7 (11... exf4 12. e5 g5 13. exf6 gxh4 14. Nxf4 Qxf6 15.
O-O $40) (11... Qc7 $2 12. Nxe5 $18) 12. fxe5 Nh5 (12... Ng4 13. Bg3 $16) 13.
Bxe7 $5 (13. Bf2 Nc5 14. O-O-O Be6 15. Kb1 $36) 13... Qxe7 14. e6 $1 Qxe6 (
14... fxe6 15. e5 $18 {->}) 15. Ned4 Qd6 16. e5 Qd5 (16... Nxe5 17. Qe3 f6 18.
Bxg6+ $18) 17. e6 $40 Ndf6 18. O-O Kf8 (18... Bxe6 19. Nxe6 fxe6 20. Bxg6+ Kd8
21. Qxb4 $18) 19. exf7 Kg7 (19... Kxf7 20. Rae1 {/\Ne5->}) 20. Rae1 Rf8 (20...
Bd7 21. Re7 $16) 21. Re5 $1 Qd6 22. Bc4 $18 Rd8 23. Re8 $1 Rxe8 (23... Nxe8 24.
fxe8=N+ Rxe8 25. Nf5+ $18) 24. Nf5+ Bxf5 25. Qxd6 Rf8 (25... Red8 26. Qe7 $18)
26. Nd4 Bd7 27. Be6 Rad8 28. Bxd7 Rxd7 29. Ne6+ 1-0

[Event "Prague"]
[Site "Prague"]
[Date "1993.??.??"]
[Round "5"]
[White "Votava, Jan"]
[Black "Kveinys, Aloyzas"]
[Result "1-0"]
[WhiteElo "2425"]
[BlackElo "2535"]
[Annotator "Stohl,I"]
[PlyCount "138"]
[EventDate "1993.09.??"]
[EventType "tourn"]
[EventRounds "9"]
[EventCountry "CZE"]
[EventCategory "10"]
[SourceTitle "CBM 037"]
[Source "ChessBase"]
[SourceDate "1993.12.01"]
[SourceVersion "1"]
[SourceVersionDate "1993.12.01"]
[SourceQuality "1"]

1. d4 Nf6 (1... d6 2. Nf3 g6 3. e4 Bg7 4. c3 Nf6 5. Bd3 O-O 6. O-O Nc6 7. d5 $5
Nb8 8. h3 c6 9. c4 e6 (9... Na6 $142 $5 $13) 10. dxe6 Bxe6 11. Nc3 Na6 12. Re1
Nd7 13. Bg5 Qb6 14. Rb1 Rfe8 15. Be3 Qd8 16. Nd4 Ne5 17. Nxe6 Rxe6 18. Bf1 Nd7
19. Qc2 Nac5 20. f3 $14 {^^,Kortchnoi,V-Hansen,Cu/Biel izt/1993/}) 2. Nf3 g6 3.
Nbd2 Bg7 4. e4 d6 5. Bd3 O-O 6. O-O Nc6 7. c3 e5 (7... Nd7 $5 $13) (7... a6 8.
a4 e5 9. dxe5 Nxe5 10. Nxe5 dxe5 11. Nc4 Nh5 12. g3 Bg4 13. Qc2 Qd7 14. Be2
Rad8 15. Bg5 Bxe2 16. Qxe2 f6 17. Be3 $14 {Meduna,E-Nedela,V/Prague ch-CS/1992/
}) 8. Re1 (8. dxe5 $5 Nxe5 9. Nxe5 dxe5 10. Nc4 $14) 8... Nd7 9. Nb3 (9. d5 Ne7
{/\f5<=>}) 9... Qe7 (9... Kh8 $5 10. Qc2 a5 11. a4 exd4 12. Nbxd4 Nce5 13. Bf1
Nc5 14. Be3 Ng4 15. Bf4 Bd7 16. b3 Ne5 17. Bg5 Bf6 18. Be3 $10 {1/2:1/2,
Schlosser,P-Stohl,I/Brno/1993/}) 10. Bg5 $1 f6 (10... Bf6 11. Be3 $14) 11. Be3
Nd8 12. Qd2 Nf7 13. c4 {()} exd4 $6 (13... c6 $5 14. Rad1 Re8 {/\Nf8,Bg4<=>}) (
13... f5 $2 14. exf5 e4 15. fxg6 hxg6 16. Bg5 $18) (13... c5 $5 14. dxc5 dxc5
$13 {/\Nd8-e6-d4}) 14. Nfxd4 $14 {[+]} Nfe5 15. Be2 (15. Bf1 $142 $14) 15...
Nc5 16. f3 b6 $1 17. Rad1 Bb7 18. Bf1 Qf7 19. Qc2 Rae8 20. Nd2 a5 21. b3 f5 $5
(21... Ne6 22. Nb1 $14 {/\Nc3-d5}) 22. exf5 gxf5 23. Nb1 Qh5 (23... f4 $5 24.
Bf2 Qg6 25. Qxg6 hxg6 $132) 24. Nc3 Ng6 25. Nd5 Be5 26. h3 (26. f4 $2 Bxd5 27.
fxe5 Be4 $17) 26... Rf7 $2 (26... f4 $1 $8 27. Bf2 Rf7 {/\Kh8,Rg8,Rg7->g<->})
27. g4 $1 $16 fxg4 28. fxg4 Qh4 (28... Rxf1+ $5 29. Rxf1 Qxh3 30. Qg2 Qxg2+ 31.
Kxg2 $16) 29. Nf5 Rxf5 $8 (29... Qd8 30. Nh6+ $18) 30. gxf5 Bxd5 31. cxd5 Nf4
32. Bxf4 Qxf4 33. Qf2 Qh6 (33... Qg5+ 34. Qg2 $18) 34. Qf3 Kh8 35. Re2 Qf6 36.
Kh1 b5 37. Rg2 b4 38. Qg4 (38. Bd3 $5 $18) 38... Rf8 39. Bb5 (39. Rf2 Rg8 $132)
(39. Bc4 $5 $18) 39... Qf7 (39... Qxf5 40. Rf1 $1 Qxg4 41. Rxf8+ Kg7 42. Rc8 $1
$18) 40. Qf3 (40. Bc4 $142) 40... Qxf5 41. Qxf5 Rxf5 42. Rf1 Rxf1+ 43. Bxf1 $16
Ne4 44. Bb5 Nc3 45. Bc6 h5 (45... Bg7 $5 $16 {/\Kg8-f7}) 46. Rg5 $1 Nxa2 47.
Rxh5+ Kg7 48. Rf5 Nc3 (48... Nc1 $5 49. Rf3 Ne2 $16) 49. Rf2 (49. Kg2 Ne2 $132)
49... Bd4 50. Rd2 Be3 51. Rd3 Bf4 52. Rf3 Be5 53. Rf2 Bd4 54. Rd2 Be3 55. Rd3
Bf4 56. h4 Kf6 57. Rf3 Ke5 58. h5 {/\Rf4+-} Ne4 59. Kg2 Nf6 (59... Ng5 60. Rf1
{/\Re1-e7+-} (60. h6 $2 Nxf3 61. h7 Nh4+ $19)) 60. Rh3 Bh6 (60... Nxd5 61. h6
Bxh6 62. Rh5+ $18) 61. Kf3 Nxd5 62. Bxd5 Kxd5 63. Rg3 c5 (63... a4 64. bxa4 b3
65. Ke2 Kc4 66. Kd1 $18) 64. Rg6 Bc1 65. Ke2 $1 c4 66. Kd1 Be3 67. bxc4+ Kxc4
68. h6 Bxh6 (68... a4 69. h7 Bd4 70. Rg4 $18) 69. Rxh6 a4 (69... d5 70. Rc6+
Kb5 71. Rc8 a4 72. Kc2 Kb6 73. Ra8 Kb5 74. Ra7 d4 75. Kd3 $18) (69... a4 70.
Rxd6 Kb3 71. Kc1 $18) 1-0

[Event "Olympiad-31"]
[Site "Moscow"]
[Date "1994.12.03"]
[Round "3.1"]
[White "Motwani, Paul"]
[Black "Adams, Michael"]
[Result "1-0"]
[WhiteElo "2520"]
[BlackElo "2640"]
[Annotator "Stohl,I"]
[PlyCount "79"]
[EventDate "1994.12.01"]
[EventType "team-swiss"]
[EventRounds "14"]
[EventCountry "RUS"]
[SourceTitle "CBM 045"]
[Source "ChessBase"]
[SourceDate "1995.04.01"]
[SourceVersion "1"]
[SourceVersionDate "1995.04.01"]
[SourceQuality "1"]
[WhiteTeam "Scotland"]
[BlackTeam "England"]
[WhiteTeamCountry "SCO"]
[BlackTeamCountry "ENG"]

1. e4 {Hecht Notkin} d6 2. d4 Nf6 3. Nc3 c6 4. f4 Qa5 5. e5 Ne4 6. Qf3 Nxc3 7.
Bd2 Bf5 8. Bd3 $5 (8. Bc4 Qb4 $5 9. Qxc3 Qxc3 10. Bxc3 Bxc2 11. e6 d5 12. exf7+
Kxf7 13. Be2 Nd7 14. Nf3 h6 15. O-O e6 16. Ne5+ Nxe5 17. fxe5+ Kg6 18. Rf2 Be7
19. Bg4 Bf5 20. Bxf5+ exf5 21. Raf1 Raf8 22. Bd2 h5 23. Rf3 h4 24. h3 Rh5 25.
Rb3 b6 $17 {Mueller,L-Oratovsky,M/Saanen/1994/}) (8. Bxc3 Qd5 9. Qxd5 cxd5 10.
Bd3 Bxd3 11. cxd3 e6 12. Ne2 Nc6 13. O-O b6 14. g4 h5 15. h3 hxg4 16. hxg4 g5
17. Kg2 gxf4 18. Rxf4 Rd8 19. Raf1 Rh7 20. b3 Rd7 21. Bb2 Nb4 22. R4f3 Rc7 23.
Rc1 Rxc1 24. Nxc1 Rh4 $15 {Yudasin,L-Kiselev,S/Podolsk GMA-qual/1989/}) 8...
Bxd3 (8... g6 9. bxc3 Qd5 10. Qe2 Bxd3 11. cxd3 c5 12. c4 $1 Qxd4 13. Rb1 dxe5
14. Nf3 Qd7 15. Nxe5 Qc7 16. Qe4 Nc6 17. Nxc6 Qxc6 18. Bc3 f6 19. Rxb7 Qxe4+
20. dxe4 Bh6 21. g3 Kf7 22. Ke2 Rhd8 23. Rd1 Rxd1 24. Kxd1 $16 {_|_<->b,Kengis,
E-Hausner,I/Luxembourg op/1990/}) 9. cxd3 Qd5 10. bxc3 dxe5 $6 (10... e6 $142
11. Rb1 Qxf3 (11... b6 $5) 12. Nxf3 b6 13. c4 Nd7 14. Ke2 Be7 15. a4 d5 16.
Rhc1 Kd8 17. Ne1 a5 18. g3 g6 19. Rc2 h5 20. Ng2 Bb4 $5 21. Bxb4 axb4 22. Rxb4
Ke7 23. cxd5 cxd5 24. Ne3 Rhc8 25. Rxc8 Rxc8 26. Kd2 Ra8 $10 {Kiselev,
S-Makarov,M/Podolsk/1992/}) 11. fxe5 Qxf3 (11... e6 {Notkin} 12. Qe2 {/\Nf3,
c4+/=/}) 12. Nxf3 $36 {_|_()[+]} e6 13. Ke2 Nd7 14. Rhb1 b6 (14... b5 15. c4 a6
16. a4 $16) 15. a4 Be7 (15... a5 16. c4 Be7 17. d5 $5 exd5 18. cxd5 cxd5 19.
Rb5 $16) 16. a5 $5 (16. c4 Kd8 17. a5 (17. Ng5 Bxg5 18. Bxg5+ f6 $132) 17...
Kc7 $14) 16... b5 (16... O-O 17. c4 $36 {><b6}) (16... O-O {Notkin /\f6+/=/})
17. c4 a6 18. Rc1 O-O (18... Kd8 $5 19. Ra2 $36 {/\cb5,Rac2} (19. cxb5 cxb5 20.
Rc6 Nb8 $132)) (18... b4 {Notkin} 19. Rab1 Rb8 20. Rb2 $16) 19. cxb5 cxb5 20.
Rc7 Rfd8 21. Rac1 Kf8 22. d5 $1 $16 exd5 23. e6 $1 Nf6 (23... fxe6 24. Nd4 Bd6
(24... Kf7 25. Nc6 $16) 25. Nxe6+ (25. R7c6 $6 Ke7 26. Bg5+ Nf6) 25... Ke7 26.
Nxd8 Bxc7 27. Bg5+ Ke8 $8 (27... Kd6 $2 28. Nf7+ $18) (27... Nf6 $2 28. Rxc7+
Kxd8 29. Rxg7 $18) 28. Rxc7 h6 29. Bh4 g5 30. Bxg5 hxg5 31. Nc6 $16 {/\Ke3-d4})
24. Ng5 $1 {/\ef7,Re7!} h6 25. Rxe7 $1 (25. Nxf7 Re8 26. Bf4 $16) 25... hxg5 (
25... Kxe7 26. Bb4+ $1 (26. Rc7+ Nd7 $1 $8 27. Bb4+ Kf6 28. Nxf7 $16) 26... Ke8
27. Rc7 fxe6 $8 28. Re7+ Kf8 29. Nxe6+ Kg8 30. Rxg7+ Kh8 31. Rg6 (31. Rf7 $18 {
Notkin}) 31... Ng8 32. Nxd8 Rxd8 33. Rxa6 $18) 26. Bb4 (26. Rcc7 $1 Ne8 27. Bb4
$1 Nxc7 28. exf7 {/\Rd7#} Re8 $8 29. Rxe8+ Kxf7 30. Re7+ $18) (26. Rxf7+ {
Notkin} Kg8 27. Rcc7 Ne8 28. Rb7 Rd6 29. Rfe7 $16) 26... Re8 (26... fxe6 {
Notkin} 27. Rcc7 $18) 27. Rxe8+ Kxe8 28. Rc7 fxe6 29. Re7+ Kd8 30. Rxg7 {/\Be7}
Ne8 31. Rxg5 Ra7 (31... Rc8 {Notkin} 32. Kd2 Rc7 33. h4 Nf6 34. Bc3 $18) 32.
Rg6 (32. h4 $5 $18) 32... Rh7 (32... Rg7 33. Rxg7 Nxg7 34. Bc3 (34. g4 $18 {
Notkin}) 34... Nf5 35. g4 $18) (32... e5 {Notkin} 33. Rg5) 33. Rxe6 Rxh2 34.
Kf3 Rh4 (34... Nc7 $142 35. Rf6 {/\Bd6,Pg2-g4-g8} (35. Rd6+ {Notkin} Kc8)) (
34... Nc7 $5 {Hecht}) 35. Be1 Rh1 36. Bg3 $18 Rd1 $2 (36... b4 37. Rxa6 $18) (
36... Kd7 {Hecht} 37. Rxa6 Ra1 $16) 37. Bh4+ Kd7 38. Re7+ Kc6 (38... Kd8 39.
Re1+ $18) 39. Rxe8 b4 (39... Rxd3+ 40. Ke2 Ra3 41. Re6+ Kb7 42. Rb6+ Ka7 43.
Bf2 $18) 40. Ke2 1-0

[Event "Pamplona 9495 5th"]
[Site "Pamplona"]
[Date "1994.??.??"]
[Round "?"]
[White "Morozevich, Alexander"]
[Black "Rivas Pastor, Manuel"]
[Result "1-0"]
[WhiteElo "2605"]
[BlackElo "2515"]
[Annotator "Stohl,I"]
[PlyCount "76"]
[EventDate "1994.12.??"]
[EventType "tourn"]
[EventRounds "9"]
[EventCountry "ESP"]
[EventCategory "13"]
[SourceTitle "CBM 046"]
[Source "ChessBase"]
[SourceDate "1995.06.01"]
[SourceVersion "1"]
[SourceVersionDate "1995.06.01"]
[SourceQuality "1"]

1. e4 {Ftacnik} d6 2. d4 Nf6 3. Nc3 c6 4. f4 Qb6 $6 5. e5 (5. a3 $5 Bg4 6. Qd2
e5 7. h3 exd4 $2 8. Na4 Qc7 9. hxg4 b5 10. Qxd4 bxa4 11. g5 Nfd7 12. Qxa4 Nc5
13. Qd4 Nbd7 14. Nf3 Rb8 15. Bc4 $16 {Topalov,V-Rivas Pastor,M/Pamplona/1995/})
(5. Nf3 Bg4 6. Be2 Bxf3 7. Bxf3 e5 8. Ne2 Nbd7 9. c3 Be7 10. O-O O-O 11. Qb3 d5
12. fxe5 Nxe5 {1/2:1/2/De la Villa Garcia,J-Rivas Pastor,M/Pamplona/1995/})
5... Nd5 6. Nxd5 (6. Ne4 dxe5 7. fxe5 Bf5 8. Ng3 Bg6 $13) 6... cxd5 7. Bd3 $1 (
7. c3 Bf5 $1 $10) 7... Nc6 8. c3 g6 9. Qe2 h5 10. h3 (10. exd6 Bg4 $1 11. Qe3
e6 {/\Bd6=}) (10. Nf3 $142 Bg4 11. O-O e6 12. Be3 $14) 10... Bf5 $5 11. Bxf5
gxf5 12. e6 (12. exd6 e6 $15) 12... Qa6 13. Qe3 (13. Qxa6 bxa6 $15 {_|_[+]}) (
13. exf7+ {Ftacnik} Kxf7 14. Qxa6 bxa6 $15) 13... Rh6 14. exf7+ Kd7 $1 (14...
Kxf7 15. Nf3 {/\Ng5->}) 15. Kf2 Nd8 (15... Re6 $6 {Ftacnik} 16. Qf3 {xh5}) 16.
Nf3 (16. Qg3 {Ftacnik} Nxf7 17. Qg8 Rf6 18. Nf3 Re8 $1) 16... Re6 (16... Nxf7
17. Re1 e6 18. Ng5 $14) 17. Qd2 Nxf7 18. Qc2 (18. Re1 Re4 $15) 18... Bh6 19.
Be3 (19. Qxf5 $2 Qe2+ 20. Kg1 Rg8 $19) 19... Rf6 $2 (19... Re4 $1 20. g3 (20.
Nd2 Bxf4 21. Nxe4 Bxe3+ 22. Kxe3 dxe4 $17 (22... dxe4 23. g4 d5 $1 24. gxf5 Nd6
$132)) 20... e5 $36 (20... Rg8 {Ftacnik} 21. Rhe1 e6 22. Nd2 h4 23. Nxe4 dxe4
24. g4 $1 $14)) 20. b3 Rc8 21. a4 $1 {/\Rac1,c4|^} e6 22. Rac1 Nh8 23. Ne1 $1 (
23. g3 {Ftacnik} Ng6 24. h4 e5 25. Ng5 $14) 23... Ng6 24. Nd3 h4 25. c4 Rff8
26. Rhd1 $6 (26. c5 $142 {/\b4-b5->}) (26. c5 $5 $36 {Ftacnik}) 26... Rg8 27.
c5 Ke7 28. b4 (28. cxd6+ Qxd6 29. Qxc8 Rxc8 30. Rxc8 Nxf4 $132) 28... dxc5 29.
bxc5 (29. dxc5 $6 d4 $15) 29... Qc6 30. Rb1 Qc7 31. Qd2 Rg7 32. Rb2 Kf8 33.
Rdb1 Qc6 $138 34. Qa5 e5 35. Qxa7 $2 (35. fxe5 $1 Bxe3+ 36. Kxe3 $16 {
/\Kd2-c3+-}) 35... exf4 36. Bd2 Qf6 37. c6 $8 (37. Bc3 Qg5 $40) 37... bxc6 38.
Rb7 Rxb7 $138 (38... Rxb7 39. Rxb7 c5 40. Bc3 $5 $13) 1-0

[Event "Pamplona 9192 2nd"]
[Site "Pamplona"]
[Date "1991.??.??"]
[Round "3"]
[White "Yudasin, Leonid"]
[Black "Chernin, Alexander"]
[Result "1-0"]
[WhiteElo "2595"]
[BlackElo "2605"]
[Annotator "Stohl,I"]
[PlyCount "73"]
[EventDate "1991.12.??"]
[EventType "tourn"]
[EventRounds "9"]
[EventCountry "ESP"]
[EventCategory "13"]
[SourceTitle "CBM 028"]
[Source "ChessBase"]
[SourceDate "1992.06.01"]
[SourceVersion "1"]
[SourceVersionDate "1992.06.01"]
[SourceQuality "1"]

1. e4 d6 2. d4 Nf6 3. Nc3 g6 4. Be3 c6 (4... Bg7 5. Qd2 Ng4 $5 6. Bg5 c5 7.
dxc5 dxc5 8. Qxd8+ Kxd8 9. Nd5 Nc6 10. h3 h6 11. Bh4 g5 $1 12. hxg4 gxh4 13.
O-O-O Bxg4 14. Be2 Bd7 15. Rxh4 e6 16. Ne3 Ke7 {Sion Castro,M-Granda Zuniga,J,
Leon 1990-CBM 20}) (4... Nbd7 $5 {/\} 5. f4 e5) 5. f3 (5. f4 $5 $13) 5... Nbd7
(5... b5 6. g4 Bg7 7. Qd2 h5 8. g5 Nfd7 9. f4 Nb6 10. Nf3 d5 11. Ne5 b4 12. Ne2
dxe4 13. Ng3 h4 14. Nxe4 Bf5 15. Bg2 $13 {Yudasin,L-Gipslis,A,USSR 1983}) (5...
Qb6 6. Qc1 Nbd7 7. Bc4 $6 (7. g4 {-5...Nbd7}) 7... Qc7 8. a4 Bg7 9. Nge2 e5 10.
Bh6 O-O 11. Qd2 $2 Bxh6 12. Qxh6 d5 13. exd5 exd4 14. Nxd4 Qe5+ 15. Nde2 Nb6
$40 {Todorovic,V-Savicevic,V,Cetinje tt 1991}) 6. g4 (6. h4 b5 7. g4 Bb7 $5 (
7... e5 8. h5 b4 (8... exd4 $6 9. Qxd4 b4 10. Nce2 d5 11. hxg6 fxg6 12. g5 c5
13. Qd2 d4 14. Nxd4 cxd4 15. Bxd4 Bg7 16. gxf6 Nxf6 17. Qxb4 $18 {Georgiev,
Kr-Moutousis,K,Athens 1991-EXP 23}) 9. Nce2 Nb6 10. dxe5 dxe5 11. Qxd8+ Kxd8
12. Nc1 Be6 13. Bg5 Nbd7 14. Nd3 Bd6 $8 15. f4 Ke7 16. Nf3 h6 17. Bh4 g5 $1 $8
18. fxe5 Nxe5 19. Ndxe5 gxh4 20. O-O-O Rac8 21. Ba6 Rc7 22. Rxh4 Nxe4 $132 {
Georgiev,Kr-Chabanon,JL,Sofia tt 1990}) 8. h5 Rg8 $1 9. Qd2 a6 10. O-O-O Qc7
11. Nh3 e5 12. Be2 O-O-O 13. Ng5 exd4 14. Bxd4 c5 15. Be3 Nb6 16. hxg6 hxg6 17.
Bf4 Qd7 $13 {Canfell,G-Chabanon,JL,Novi Sad olm 1990-TD 90_06}) 6... Qb6 $6 (
6... b5 7. h4 $13 {-6.h4}) 7. Qc1 Bg7 (7... Qc7 8. Qd2 $14 {/\0-0-0}) 8. Nge2
a6 (8... c5 9. dxc5 {/\} Nxc5 $6 10. e5 dxe5 11. b4 Qxb4 12. Rb1 Qa5 13. Rb5
$18) (8... O-O 9. h4 $40) 9. h4 c5 10. h5 Rg8 (10... gxh5 11. g5 $16) 11. a3 $1
{/\dc5|^} Qc6 (11... Qc7 $142 12. Qd2 $36) 12. Bg2 b6 13. Qd2 Bb7 14. Rg1 $1
$16 {/\h6,g5,f4()} Qc7 15. h6 Bh8 16. g5 Nh5 17. O-O-O cxd4 (17... O-O-O 18.
Nd5 $5 $40) 18. Bxd4 Bxd4 19. Qxd4 Qc5 (19... O-O-O 20. f4 $16) 20. f4 Qxd4 21.
Rxd4 Nc5 (21... Nxf4 $6 22. Nxf4 e5 23. Rxd6 exf4 24. Bh3 $18) 22. Nd5 Rc8 (
22... Bxd5 23. exd5 {/\Bf3 פh5}) 23. Kb1 b5 24. Bf3 Ne6 25. Rb4 {/\a4׫} Bc6
26. f5 a5 (26... Nc5 27. Bxh5 gxh5 28. Nef4 $18) 27. Rb3 Nc5 28. Re3 Kd8 {
/\e6,e5} 29. Nd4 e6 30. Bxh5 $1 exd5 (30... gxh5 31. Nf6 Rh8 32. b4 $18) 31.
fxg6 fxg6 32. Bg4 $18 Bd7 $8 (32... Rc7 33. exd5 Bxd5 34. Nxb5 $18 {><d6,עd8})
33. exd5 Re8 34. Rxe8+ Kxe8 35. Re1+ (35. Nxb5 $1 $18) 35... Kf7 (35... Kd8 36.
Nc6+ Bxc6 37. Bxc8 $18) 36. Bxd7 Nxd7 37. Nxb5 {><d6 [Stohl]} 1-0

[Event "Ostrava"]
[Site "Ostrava"]
[Date "1992.??.??"]
[Round "4"]
[White "Sorokin, Maxim"]
[Black "Jansa, Vlastimil"]
[Result "1-0"]
[WhiteElo "2550"]
[BlackElo "2455"]
[Annotator "Stohl,I"]
[PlyCount "51"]
[EventDate "1992.09.??"]
[EventType "tourn"]
[EventRounds "11"]
[EventCountry "CZE"]
[EventCategory "9"]
[SourceTitle "CBM 033"]
[Source "ChessBase"]
[SourceDate "1993.04.01"]
[SourceVersion "1"]
[SourceVersionDate "1993.04.01"]
[SourceQuality "1"]

1. d4 d6 2. e4 Nf6 3. Nc3 g6 4. Bg5 Bg7 5. f4 h6 (5... c6 6. Qd2 (6. Nf3 O-O 7.
Bd3 Qb6 $1 8. Qd2 Bg4 9. e5 Bxf3 10. gxf3 Nd5 11. Nxd5 cxd5 12. c3 f6 13. exf6
exf6 14. Bh4 Re8+ 15. Kf1 f5 $13 {Shirov,A-Jansa,V,Kerteminde 1991-CBM 23})
6... b5 7. Bd3 O-O $6 8. Nf3 Bg4 9. e5 b4 10. Ne2 Bxf3 11. gxf3 Nd5 12. Bc4 a5
13. O-O-O Qd7 14. f5 $1 Qxf5 15. Ng3 Qe6 16. f4 dxe5 17. f5 Qd6 18. fxg6 hxg6
19. Rdg1 exd4 20. Nf5 $1 $40 {Dreev,A-Azmaiparashvili,Z,Moscow GMA-op 1989-TD
89_02}) 6. Bh4 c5 7. e5 Nh5 8. dxc5 Nxf4 $1 (8... dxe5 $6 9. Qxd8+ Kxd8 10.
O-O-O+ Bd7 11. Nd5 Nc6 {Gorbatov,W-Korsunsky,I,Moscow VDSFO 1992-EXP 29} 12.
Nxe7 $1 Nxe7 13. Bb5 $16) 9. exd6 g5 10. Bf2 O-O (10... Nc6 11. g3 Ng6 12. Bg2
O-O 13. Nge2 $14) 11. Qd2 (11. g3 Ng6 12. Qd2 exd6 13. O-O-O Qf6 14. cxd6 Bg4
15. Bd4 Ne5 $13 {Mednis,E-Parma,B,Norristown 1973}) 11... exd6 12. O-O-O Bg4 (
12... Qa5 13. cxd6 Bg4 (13... Bxc3 $6 14. Qxc3 Qxa2 15. Bc4 $16) 14. Nf3 Nc6 (
14... Rc8 $2 15. Bd4 $16) 15. Kb1 $14 {/\Nb5}) (12... Nc6 13. cxd6 Bf5 $44) 13.
Nf3 Nc6 14. cxd6 Rc8 (14... Qf6 $5 $44) 15. h4 Nb4 $2 (15... Qa5 $5 16. Kb1 $13
{/\} (16. a3 Nb4 $1 17. Bd4 (17. axb4 Qa1+ 18. Nb1 Bxb2#) 17... Rxc3 $1 18.
Bxc3 Bxc3 $19) 16... Nb4 17. Bd4) 16. Bd4 $16 Bxf3 (16... Qxd6 17. hxg5 hxg5
18. Bxg7 Qxd2+ 19. Rxd2 Kxg7 20. Nxg5 $16) (16... Rxc3 17. bxc3 Nxa2+ 18. Kb2
$18) 17. gxf3 Qxd6 18. hxg5 hxg5 (18... Bxd4 19. Qxd4 Qxd4 20. Rxd4 $18) 19.
Qh2 $1 f6 $8 20. a3 Rxc3 (20... Nc6 21. Bc4+ $18) (20... Na6 21. Bxf6 Qxf6 22.
Qh7+ Kf7 23. Rd7+ Ke6 24. Rxg7 $18) 21. axb4 $18 Rcc8 22. Bc5 Qe6 23. b3 $1 {
/\Bc4} Rxc5 24. bxc5 Qe3+ 25. Kb1 {/\Qh7,Rd7+-} Rc8 26. Bc4+ (26. Bc4+ Kf8 27.
Rd7 {/\Qh8! [Stohl]}) 1-0